|
|
|
|
| LEADER |
00000cas a2200000 a 4500 |
| 001 |
vtls010298244 |
| 003 |
SK-MaSNL |
| 005 |
20260228162718.0 |
| 008 |
110809d19351936xo wr|n 0 b0slo |
| 040 |
|
|
|a SNK
|b slo
|c SNK
|e AACR2
|
| 041 |
0 |
|
|a slo
|
| 044 |
|
|
|a xo
|c SK
|
| 072 |
|
7 |
|a 316.7
|x Sociológia kultúry. Kultúrny život
|2 konspekt
|
| 080 |
|
|
|a 316.728
|2 2011
|
| 080 |
|
|
|a 050
|2 2001
|
| 080 |
|
|
|a (051)+(054)(437.6)
|2 2011
|
| 245 |
0 |
0 |
|a Náš kraj
|b spoločenský, hospodársky a nepolitický týždenník okresu kremnického
|
| 260 |
|
|
|a Kremnica
|b Ján Puskailer
|c 1935-1936
|
| 300 |
|
|
|a 2 zv.
|c 35 cm
|
| 310 |
|
|
|a 1x týždenne
|
| 362 |
0 |
|
|a Roč. I, č. 1 (21.12.1935)-roč. II, č. 3 (25.1.1936)
|
| 500 |
|
|
|a Zodp. red.: Ján Puskailer
|
| 500 |
|
|
|a Tlač.: Kníhtlačiareň Smolnický a Bašťovánský
|
| 500 |
|
|
|a Od 4/1936 pokračuje pod názvom: Horský náš kraj
|
| 650 |
0 |
7 |
|a spoločenský život
|2 SNKPH
|9 28654
|
| 655 |
|
7 |
|a regionálne periodiká
|2 SNKPH
|9 131775
|
| 700 |
1 |
|
|a Puskailer, Ján
|4 Iso
|4 pbl
|9 271892
|
| 785 |
0 |
0 |
|t Horský náš kraj
|
| 910 |
|
|
|a snk
|
| 999 |
|
|
|c 8236
|d 10166
|